Muse Albums - Statistics

General Stats
  • This quiz has been taken 573 times
  • The average score is 5 of 6
Answer Stats
Hint Answer % Correct
__________ (2003) Absolution
90%
_____ _____ ___ ___________ (2006) Black Holes and Revelations
87%
_______ (1999) Showbiz
85%
______ __ ________ (2001) Origin of Symmetry
82%
___ __________ (2009) The Resistance
81%
___ ___ ___ (2012) The 2nd Law
79%
No matching quizzes found
Score Distribution
Percent of People with Each Score
Percentile by Number Answered
Your Score History
You have not taken this quiz